• 首页
  • 本馆介绍
  • 公告通知
  • 最新文献
  • 馆藏检索
  • 电子资源
  • 读者导购
  • 参考咨询
  • 我的图书馆
  • 登录
  • 详细信息显示
  • 放入我的书架
  • 预约/预借图书
  • 作者相关作品
  • 分类相关作品
  • 丛书相关作品
  • 出版社相关作品

书目信息

  • 表格格式
  • 工作单格式
  • 卡片格式
题名:
日本留学考试(EJU)系列
    
 
作者: ;株式会社名校教育集团 编著
分册: Vol.1   实战问题集
出版信息: 上海   上海交通大学出版社  2020
页数: 167页
开本: 26cm
丛书名:
单 册:
中图分类: H360.41 , O1-44 , H360.41
科图分类:
主题词: 日语--高等学校--入学考试--日本--习题集 , 数学--高等学校--入学考试--日本--习题集
电子资源:
ISBN: 978-7-313-22679-2
000 01129nam0 2200265 450
001 2039366231
005 20210105114206.78
010    @a978-7-313-22679-2@dCNY88.00
100    @a20200508d2020 em y0chiy50 ea
101 0  @achi@ajpn
102    @aCN@b310000
105    @ay q 000yy
200 1  @a日本留学考试(EJU)系列@9ri ben liu xue kao shi (EJU)xi lie@i实战问题集@i数学Course2@hVol.1@b专著@e共10回@f(日)株式会社名校教育集团编著
210    @a上海@c上海交通大学出版社@d2020
215    @a167页@d26cm
300    @a名校志向塾
330    @a本书是日本留学考试系列(EJU)之一,为数学2的模拟习题集。一共十篇。与正式考试的形式以及难度保持一致。实际练习的过程中,除可参考书后的答案对自身的学习进行查缺补漏以外,还可利用网络评分功能,查看与正式考试相同的“得分分布情况”等,了解自己所在的层次。
606 0  @a日语@x高等学校@x入学考试@y日本@j习题集
606 0  @a数学@x高等学校@x入学考试@y日本@j习题集
690    @aH360.41@v5
690    @aO1-44@v5
690    @aH360.41@v4
711 02 @c(日)@a株式会社名校教育集团@9zhu shi hui she ming xiao jiao yu ji tuan@4编著
801  2 @aCN@b58marc.cn@c20200605
905    @aMUSE@dH360.41@e1-1
    
    日本留学考试(EJU)系列.实战问题集.数学Course2.Vol.1:共10回/(日)株式会社名校教育集团编著.-上海:上海交通大学出版社,2020
    167页;26cm
    名校志向塾
    
    ISBN 978-7-313-22679-2:CNY88.00
    本书是日本留学考试系列(EJU)之一,为数学2的模拟习题集。一共十篇。与正式考试的形式以及难度保持一致。实际练习的过程中,除可参考书后的答案对自身的学习进行查缺补漏以外,还可利用网络评分功能,查看与正式考试相同的“得分分布情况”等,了解自己所在的层次。
●
相关链接 在五车中查询图书 在当当中查询图书 在豆瓣中查询图书


正题名:日本留学考试(EJU)系列     索取号:H360.41/1-1         预约/预借

序号 登录号 条形码 馆藏地/架位号 状态 备注
1 2000879182   2000879182   第二书库/ [索取号:H360.41/1-1] 在馆    
2 2000879183   2000879183   第二书库/ [索取号:H360.41/1-1] 在馆    
3 871893   2000871893   第二书库/ [索取号:H360.41/1-1] 在馆    
4 871894   2000871894   第二书库/ [索取号:H360.41/1-1] 在馆    
5 871895   2000871895   第二书库/ [索取号:H360.41/1-1] 在馆    
山东省滨州职业学院图书馆 欢迎您!
大连网信软件有限公司© 版权所有